Music Quiz

Random Music or Clickable Quiz

♪♫♬ 2 Artists 1 Song Music Matchup ♪♫♬ Quiz Stats

 Plays Quiz not verified by Sporcle

Score 0/20 Timer 04:00
2 Plays Today
% Correct
Lionel Richie
69.9%
Kriss Kross
64.6%
TLC
49%
Aerosmith
47.1%
Huey Lewis & the News
45.4%
Nelly Furtado
41.5%
Bon Jovi
40.2%
Queen
37.8%
2Pac
27.8%
Kool and the Gang
23%
% Correct
One Direction
22.8%
Justin Bieber
21.2%
Prince
20.7%
Whitesnake
18.4%
Ellie Goulding
18.3%
The Rolling Stones
16%
Martin Garrix
15.3%
Outkast
14.5%
Hootie & the Blowfish
12.1%
Dione Warwick
11.6%

You're not logged in!

Compare scores with friends on all Sporcle quizzes.
OR
Log In

Show Comments

Extras

Top Quizzes Today


Score Distribution

Your Account Isn't Verified!

In order to create a playlist on Sporcle, you need to verify the email address you used during registration. Go to your Sporcle Settings to finish the process.

Report this User

Report this user for behavior that violates our Community Guidelines.

Details: